000
00504nam a2200181Ia 4500
008
090123s9999 xx 000 0 und d
082
_b
38191
100
_a
मुजावर बशीर
245
_a
प्रवाही
250
_a
1
260
_b
पायल प्रकाशन
_c
2005
300
_a
200
600
_a
मुजावर बशीर
630
_a
प्रवाही
700
_a
मुजावर बशीर
730
_a
प्रवाही
942
_c
BOOK
999
_c
76258
_d
76258